| 000 | 00593nam a2200193Ia 4500 | ||
|---|---|---|---|
| 003 | GCL | ||
| 008 | 140319s9999 xx 000 0 ara d | ||
| 040 |
_aGCL / _cGCL |
||
| 082 | 0 | 4 |
_a813.03 _bا م |
| 100 | 1 | _aابراهيم عبدالعزيز شيحا | |
| 245 | 1 | 0 |
_aالملف الشخصى لتوفيق الحكيم / _cابراهيم عبدالعزيز شيحا |
| 260 |
_a[S.N] : _bدار المعارف ، _c1992 |
||
| 300 | _a252 ص | ||
| 490 | _a | ||
| 650 | 0 | 4 | _aتوفيق الحكيم |
| 650 | 0 | 4 | _aالتراجم الادبية |
| 650 | 0 | 4 | _aالادباء |
| 942 |
_2ddc _cBK |
||
| 999 |
_c28471 _d28471 |
||